000 01004nam a2200313Ia 4500
003 OSt
005 20221006155816.0
006 a|||||r|||| 00| 0
007 ta
008 221006b |||||||| |||| 00| 0 eng d
020 _a9780262018234
_c
_43.00
024 _a43,556
037 _b808, 20/03/2013, Bright Book Service
_cTextual
040 _aEASL
_cEASL
_beng
041 _2eng
_aeng
082 _aX.41.P1, Q3
100 _aCheung Yin-Wong Ed.
_9670494
245 0 _aEvolving role of China in the global economy
260 _aCambridge
_bThe MIT Press
_c2013
300 _a471p.
_ccm.
490 _v CEL
_aCESifo seminar series
650 _a CEL
650 _a China - Foreign economic relations
_9649996
650 _a Finance - China
_9435706
650 _aChina - Economic Policy
700 _a de Haan Jakob Ed.
_9670495
942 _hX.41.P1, Q3
_cTEXL
_2CC
999 _c1111642
_d1111642